TV Debuts: 1988 Quiz Stats

 Plays Quiz Updated Oct 19, 2017

Also try: TV Debuts: 1989
Challenge
Share
Tweet
Score 0/12 Timer 05:00
4 Plays Today
Hint Answer % Correct
Garfield and Friends
95.3%
The New Adventures of Winnie the Pooh
93.6%
Roseanne
93%
The Wonder Years
85.9%
A Pup Named Scooby-Doo
75.1%
Murphy Brown
72.3%
In the Heat of the Night
43.8%
Mystery Science Theater 3000
36.3%
Empty Nest
35.5%
The Kids in the Hall
22.2%
Red Dwarf
18.8%
Denver, the Last Dinosaur
7.4%

You're not logged in!

Compare scores with friends on all Sporcle quizzes.
Join for Free
OR
Log In

You Might Also Like...

Show Comments

Extras

Top Quizzes Today


Score Distribution

Your Account Isn't Verified!

In order to create a playlist on Sporcle, you need to verify the email address you used during registration. Go to your Sporcle Settings to finish the process.

Report this User

Report this user for behavior that violates our Community Guidelines.

Details: